| 000 | 01056cam a22002651i 4500 | ||
|---|---|---|---|
| 003 | SA-RiAUC | ||
| 005 | 20251004155630.0 | ||
| 008 | 251001s1989 jo g b 000r0 ara c | ||
| 040 |
_aSA-RiAUC _bara _cSA-RiAUC _erda |
||
| 082 | 0 | 4 |
_a257.1 _qSA-RiAUC |
| 090 |
_a257.1 _bن م ر |
||
| 100 | 1 |
_aالنمر، نمر محمد الخليل، _d1954- _eمؤلف. |
|
| 245 | 1 | 0 |
_aأهل الذمة والولايات العامة في الفقه الإسلامي / _cنمر محمد الخليل النمر. |
| 250 | _aالطبعة الأولى. | ||
| 264 | 1 |
_aعمان، الأردن : _bالمكتبة الإسلامية، _c1989. |
|
| 300 |
_a425 صفحة ؛ _c24 سم |
||
| 336 |
_aنص _btxt _2rdacontent _3كتاب |
||
| 337 |
_aبدون وسيط _bn _2rdamedia |
||
| 338 |
_aمجلد _bnc _2rdacarrier |
||
| 504 | _aببليوجرافية : صفحة 397-415. | ||
| 650 | 7 |
_aأهل الذمة (فقه إسلامي) _2aucsh |
|
| 650 | 7 |
_aالأحكام السلطانية _2aucsh |
|
| 942 |
_2ddc _cBOOK _n0 |
||
| 949 |
_aSA-JeALM _d251001 _umohamedma123 _n1 |
||
| 999 |
_c12354 _d12354 |
||